• 首页
  • 本馆介绍
  • 公告通知
  • 最新文献
  • 馆藏检索
  • 电子资源
  • 读者导购
  • 参考咨询
  • 我的图书馆
  • 登录
  • 详细信息显示
  • 放入我的书架
  • 预约/预借图书
  • 作者相关作品
  • 分类相关作品
  • 丛书相关作品
  • 出版社相关作品

书目信息

  • 表格格式
  • 工作单格式
  • 卡片格式
题名:
中国共产党历史
    
 
作者: ;中共中央党史研究室 著
分册: 第一卷  
出版信息: 北京   中共党史出版社  2002
页数: 579页
开本: 20cm
丛书名:
单 册:
中图分类: D231
科图分类:
主题词: 中国共产党--党史--1919~1949
电子资源:
ISBN: 7-80136-797-9
000 00636nam0 2200193 45
001 0408141690
005 20040814164615.5
010    @a7-80136-797-9@dCNY88.00
100    @a20040814d2002 km y0chiy0120 ea
101 0  @achi
105    @abf z 000yy
200 1  @a中国共产党历史@AZhong Guo Gong Chan Dang Li Shi@h第一卷@h上册@f中共中央党史研究室著@FZhong Gong Zhong Yang Dang Shi Yan Jiu Shi Zhu
210    @a北京@c中共党史出版社@d2002
215    @a579页@c图版@d20cm
606 0  @a中国共产党@x党史@z1919~1949
690    @aD231@v4
711 02 @a中共中央党史研究室@4著
801    @aCN@bTSTCL@c20040814
905    @b335633-637@dD231@e136:1(1)@f5
    
    中国共产党历史.第一卷.上册/中共中央党史研究室著.-北京:中共党史出版社,2002
    579页:图版;20cm
    
    
    ISBN 7-80136-797-9:CNY88.00
    
●
相关链接 在E读中查询图书 在五车中查询图书 在当当中查询图书 在豆瓣中查询图书


正题名:中国共产党历史     索取号:D231/136:1(1)         预约/预借

序号 登录号 条形码 馆藏地/架位号 状态 备注
1 0335633   203356331   第一借阅区/ [索取号:D231/136:1(1)] 在馆    
2 0335634   203356340   第一借阅区/ [索取号:D231/136:1(1)] 在馆    
3 0335635   203356359   第一借阅区/ [索取号:D231/136:1(1)] 在馆    
4 0335636   203356368   第一借阅区/ [索取号:D231/136:1(1)] 在馆    
5 0335637   203356377   第一样本阅览室/ [索取号:D231/136:1(1)] 在馆    
唐山师范学院图书馆 欢迎您!
大连网信软件有限公司© 版权所有